000 00409nam a22001697a 4500
003 MPLRDC
005 20220104143226.0
008 210129b ||||| |||| 00| 0 eng d
082 _a855 LG
100 _a李圭著
245 _a环游地球新录
_c
260 _a
_b湖南人民出版社
_c
300 _b
490 _a走向世界丛书
650 _a散文;随笔、日记
942 _cBK
_o855 LG
999 _c37828
_d37818